00287cam a22000857a 4500008004000000082001000040245009300050260005100143300000700194180718b1958 xxu||||| |||| 00| 0 eng d aNIx42 abritain's contribution to peace and security (report on defence)ccommand of her majesty aLondonbHer Majesty's Statioonery Officec1958 a13